000 01176nam a22003617a 4500
001 BR0204713
003 BR-BrBNA
005 20230928101152.0
007 ta
008 230509b bl.||||| |||| 00| 0 por d
040 _aBR-BrBNA
_bpor
_cBiblioteca Nacional de Agricultura
041 _a(Por)
072 _aE70; E16
_b5214
_b9410
090 _ 5214 BR0204713
110 1 _aFederação da Agricultura do Estado do Rio Grande do Norte, Natal (Brasil)
_94577
110 1 _aEmpresa de Pesquisa Agropecuária do Rio Grande do Norte S.A., Natal (Brasil)
245 1 _aDiagnóstico da bovinocultura leiteira do Rio Grande do Norte: relatório de Pesquisa; Projeto Leite; sistema agroindustrial do leite
260 3 _aNatal, RN (Brasil):
_c1998.
300 _avp.
500 _a30 ref.; 142 tables
650 _aGADO LEITEIRO
650 _aLEITE
650 _aAGRIBUSINESS
650 _aMERCADO
650 _aPRODUTIVIDADE
650 _aCUSTO DE PRODUÇÃO
650 _aPROJETO DE DESENVOLVIMENTO
650 _aMODELO MATEMÁTICO
650 _aMÉTODO ESTATÍSTICO
650 _aRIO GRANDE DO NORTE
909 _a202309
_bLucia
_c55
_dLucia Elande
942 _cBK
999 _c64555
_d64555